000 00250nam a2200097Ia 4500
008 240331s9999 xx 000 0 und d
082 _bKAL
100 _aKalansooriya, R
245 0 _aLTTE and IRA :
_bCombating Terrorism and Discussing Peace
942 _cL
999 _c5692
_d5692